000 00671cam a2200205 4500
001 ABS65204
008 020228n2002 000 0 eng u
035 _a(Sirsi) u116889
245 _aBusiness and science parks- special report
260 _c2002
490 _aProperty Week
_v67(2) 18 January 2002, 44-56(8)
520 _aSeries of articles dealing with various aspects of business and science park development, including their movement into urban areas and types of occupier.
590 _aABS
650 _aSCIENCE PARKS
650 _aBUSINESS PARKS
650 _aURBAN REGENERATION
650 _aCITY DEVELOPMENT
690 _aREGENERATION
942 _n0
999 _c69626
_d69626